00476 2200169 4500001002100000005001700021008004100038035002400079082001200103090001800115100001900133245005900152260003000211300002500241650002800266990001200294YOGYA-0512000000027320120508173714.0 ind  0010-051200000000273 a899.223 a899.223 Dre E aDREWES, G.W.J. aEenvoudig hedendaagsch Javaansch prozacG.W.J. Drewes. aLeidenbE.J. Brillc1946. avi, 181 hlm.c24 cm. aKesusastraan Jawa-prosa a43057-b